00268nam a22000857a 4500008004100000082002100041245010300062260000900165300000800174230621b xxu||||| |||| 00| 0 eng d a328.33bSCT 2005 aSociety of Clerks-At-The-Table in Commonwealth Parliaments bList of Members as at 18 January 2005 c2005 a29p